000 01659cam a22001934a 4500
005 20250605163413.0
008 250528s ||||||||||||||||||||||||d
035 _a18463
020 _a550163
040 _aGR-AtMCL
_bgre
_dGR-AtMCL
_eAACR2
245 1 _aΕισαγωγή στην Οικονομετρία.
_nΤόμος Πρώτος
260 _bGutenberg,
_c2000
300 _a350
520 _aΠρόλογος, Εισαγωγή, Αντικείμενο και Σκοποί της Οικονομετρίας, Στοιχεία από τη Στατιστική Θεωρία, Κατανομές Τυχαίων Μεταβλητών, Δειγματοληπτική Θεωρία, Στατιστική Επαγωγή: Εκτίμηση, Στατιστική Επαγωγή: Έλεγχος Υποθέσεων, Ανάλυση Γραμμικού Υποδείγματος, Το Γραμμικό Υπόδειγμα: Απλή Παλινδρόμηση, Το Γραμμικό Υπόδειγμα: Πολυμεταβλητή Παλινδρόμηση, Βασικές Έννοιες από την Άλγεβρα των Μητρών, Επεκτάσεις του Γραμμικού Υποδείγματος, Οικονομετρικά Προβλήματα: Παραβίαση των Υποθέσεων, Πολυσυγγραμμικότητα και Σφάλμα Εξειδικεύσεως, Παραβίαση των Στοχαστικών Υποθέσεων, Επιλογή Βιβλιογραφίας, Στατιστικοί Πίνακες, Ευρετήριο.
700 1 _aΧρήστου Γεώργιος Κ
942 _cBK
999 _c3824
_d3824